[Event "Sevilla"]
[Site "?"]
[Date "2025.01.18"]
[Round "9"]
[White "Ouellet, Maili-Jade"]
[Black "Marin, Mihail"]
[Result "1-0"]
[Annotator "Maili-Jade Ouellet"]
[WhiteElo "2319"]
[BlackElo "2431"]
[WhiteFideId "-1"]
[BlackFideId "-1"]
[PlyCount "93"]
[GameId "2135571499819041"]
[EventDate "2024.??.??"]
[EventCountry "ESP"]
[SourceTitle "Chess Canada 25"]
[Source "JohnUpper?CFC"]
[SourceDate "2025.06.29"]
[SourceVersion "1"]
[SourceVersionDate "2026.07.01"]
[SourceQuality "1"]

1. d4 Nf6 2. c4 g6 3. Nc3 d5 4. cxd5 Nxd5 5. e4 Nxc3 6. bxc3 Bg7 7. Qa4+ {[#] This game features a sideline in the Grünfeld Defense that is not widely known, allowing me to step away from the mainline theory and get a game.  The move a4+ slightly disrupts Black's queenside development. Black has four common replies: d7, c6, d7, and d7; but each one is a concession:  - ...d7: the knight is more active on c6;  - ...c6: the c-pawn belongs on c5 to counterattack the center; - ...d7: blocks the queenside minors; - ...d7: is less active than its usual g4 or b7.  So, while a4+ may initially seem like a loss of tempo, White often regains it in other ways, leaving Black's coordination slightly compromised.} Nd7 8. Nf3 O-O 9. Be2 c5 10. Qa3 {[#] The point of a4+ is to force Black to exchange the c- and d-pawns before the knight can move away from d7 to a more active square. Once the pawns are traded, White's queen gains activity by exerting pressure along the a3-f8 diagonal, creating additional challenges for Black's development.} cxd4 11. cxd4 Nb6 {A decent alternative to ...f6, which is best. This was my first time reaching this position.} 12. Bg5 f6 13. Bd2 {[#] The idea behind retreating the bishop to d2 instead of e3, where it could provide additional protection to the d4-pawn, is based on anticipating Black's next move: ...f5. My reply to f5 will be ...e5, which relinquishes control of the d5-square. This allows Black's knight to occupy d5 and target my bishop on e3. Additionally, the bishop on e3 would be vulnerable to a future f-pawn push, making d2 a safer and more practical square for the bishop.} f5 14. Bb4 $2 (14. Qb3+ Kh8 15. e5 $14 {was the way to go.}) {[#] Critical Position} 14... Re8 $2 (14... fxe4 $8 15. Bxe7 Qd5 $8 $19 {blocking the a2-g8 diagonal with the queen was the critical detail I missed, and Black is now winning!  If I play xf8, Black can respond with xf8, attacking my queen while my knight on f3 remains hanging. The reason d5 is such a game-changer is that it blocks the a2-g8 diagonal, preventing me from playing the intermediate move b3+, which would have saved my queen and allowed me to protect my knight next. With the knight now hanging, moving it would leave the d4-pawn vulnerable, as well as expose the a1-h8 diagonal, further weakening White's position.} (15... Qc7 $2 16. Bxf8 Bxf8 17. Qb3+ {I had calculated something like this and evaluated it as winning for me.}) (15... Qe8 {preventing xf8 due to ...exf3!} 16. Ne5 $14)) 15. Qb3+ {Forcing ...e6 to provoke exf5 gxf5, which weakens the Black king and his pawn structure.} e6 (15... Kh8 $2 16. Ng5 $18) 16. exf5 gxf5 17. O-O {My king is safe and my pieces are active.} Bd7 18. Ne5 {[#] Limiting Black's key dark-squared bishop, opening the third rank for my queen, and making it more difficult for Black to play ...c6, thereby preventing access to the strong a8-h1 diagonal.} Ba4 $2 ({As unpleasant as it is to play,} 18... Bxe5 $5 {was the only move that avoided reaching a considerably worse position.} 19. dxe5 Bc6 20. Rad1 $14) 19. Qg3 $1 {[#]} Nd5 (19... Qxd4 20. Bc3 {White's active pieces are too strong. Here are some examples on how to carry out the attack:} Qc5 21. Rac1 Qe7 22. Bb2 $1 Nd5 23. Bh5 Rf8 (23... Rec8 24. Bf7+ Kh8 (24... Kf8 25. h4 $18 {with a winning attack.}) 25. Ng6+ hxg6 26. Qh3+ $18) 24. Ba3 Nb4 25. Bxb4 Qxb4 26. Rc7 $18) 20. Bd2 Rc8 $2 {It may seem like a regular move, but it allows me to achieve a dream position where all my pieces contribute to the attack.} (20... Qb6 21. Bh5 Qxd4 {is still bad, but offered more resistance.}) 21. Rac1 Bc6 22. Bh6 {[#]} Qe7 (22... Re7 23. Bg5 $18) (22... Qc7 23. Bh5 Rf8 24. Bf3 $18 {Black's pieces are too inactive and under attack, while the Black king is still very weak.}) (22... Rc7 23. Bh5 Rf8 24. Nxc6 bxc6 25. Rxc6 $18) 23. Rfe1 $1 {[#] Bringing the last piece into the action by adding pressure on e6!} Kf8 {All other lines inevitably lose some material.} (23... Kh8 24. Bh5 Rf8 (24... Bxh6 25. Nf7+ $18) 25. Nxc6 Rxc6 26. Rxc6 bxc6 27. Rxe6 $1 $18) (23... Rc7 24. Bh5 Rf8 25. Nxc6 bxc6 26. Bxg7 Qxg7 27. Rxe6 $18) (23... Nf6 24. Nxc6 bxc6 25. Bc4 {xe6+ or xe6 cannot be stopped.}) 24. Bg5 Bf6 25. Bd2 Bxe5 26. Qxe5 Qg7 27. Bh5 $1 {[#]} Nf6 {Threatening ...xh5 and ...xg2#.} (27... Re7 28. Bh6 $3 Qxh6 29. Qh8#) (27... Qxe5 28. Rxe5 Re7 29. Bg5 {wins the e6 pawn as the rook cannot keep protecting it.}) 28. Rxc6 bxc6 (28... Nxh5 29. Rxe6 $18) (28... Rxc6 29. Bb4+ Kg8 30. Bxe8 Nxe8 31. Qb8 Qd7 32. d5 $18) 29. Bxe8 Rxe8 30. Qd6+ Kf7 31. Qxc6 {[#]} Nd5 32. Qa4 Re7 33. Bc1 {Reactivating the bishop on the a3-f8 diagonal.} Nb6 34. Qb4 Rd7 35. Ba3 $1 {[#]} Nd5 (35... Rxd4 36. Qe7+ $18) (35... Qxd4 36. Qf8+ Kg6 37. Rxe6+ {followed by checkmate soonafter.}) 36. Qb8 {Maintains the pressure on the back rank and the a7 pawn, restricting the Black rook. Additionally, it introduces the potential threat of c8.} Nf6 37. Qc8 Qg8 38. Qc5 {[#]} Nd5 $2 (38... Ne4 {was better, but still objectively losing.}) 39. Rxe6 $1 Qg4 (39... Kxe6 40. Qc6+ Kf7 41. Qxd7+ $18) 40. f3 {[#] Blocking the queen's access to d1 and making the f2-square available for my king.} Qf4 41. Re5 Nf6 42. Qc4+ (42. Rxf5 Qe3+ 43. Kf1 {is still winning, but messier and unecessary.}) 42... Kg6 43. Re6 {[#]} Rb7 (43... Rxd4 44. Rxf6+ Kg5 (44... Kxf6 45. Bb2 Qe3+ 46. Kf1 $18 {with no more checks for Black.}) 45. h4+ Qxh4 46. Qe2 Kxf6 47. Qe7+) (43... Qxd4+ 44. Qxd4 Rxd4 45. Rxf6+ Kxf6 46. Bb2 {with a winning endgame for White.}) 44. Qd3 Rd7 45. g3 {As the d4-pawn still cannot be taken for the same reasons as before.} Qc7 46. Kg2 {Making my king safer.} Rd5 47. Qa6 {The knight cannot be protected as e7 is coming. My opponent could have resigned but instead, he lost on time.   Overall, I am extremely happy with my play, as I calculated quite accurately (except for missing d5 earlier). Positions arising from the Grünfeld or the King's Indian Defense are typically better for White but can be very tricky to navigate. Staying sharp and consistent in such positions is challenging, which makes me even more pleased with how accurately I played.   Lastly, Mihail Marin is a legend in the chess world, known for his deep understanding of strategic play, his highly regarded chess books, and his extensive annotations of top-level games for ChessBase, many of which are available in the Mega Database. As a former 2600+ player, his expertise and accomplishments are highly respected, making this win all the more satisfying!} 1-0

[Event "Slovak Extraliga"]
[Site "?"]
[Date "2025.02.16"]
[Round "6"]
[White "Juhasz, Agoston"]
[Black "Ouellet, Maili-Jade"]
[Result "1/2-1/2"]
[Annotator "Maili-Jade Ouellet"]
[WhiteElo "2425"]
[BlackElo "2333"]
[WhiteFideId "-1"]
[BlackFideId "-1"]
[PlyCount "114"]
[GameId "2161887213478062"]
[EventDate "2025.??.??"]
[EventType "team"]
[SourceTitle "Chess Canada 25"]
[Source "JohnUpper?CFC"]
[SourceDate "2025.06.29"]
[SourceVersion "1"]
[SourceVersionDate "2026.07.01"]
[SourceQuality "1"]

1. e4 e5 {I have recently started playing 1...e5 as Black and have achieved good results against higher-rated opponents.} 2. Nf3 Nc6 3. Bb5 Nge7 $5 {[#] The Cozio Defense!  It is the sixth most popular move in this position and is generally not very well known. Some of my games were already in the database, so my opponent could have anticipated that I would play this.} 4. Nc3 Ng6 5. h4 {This was a line I had never encountered before, so I had no experience in this variation. However, I had studied it previously since it was included in my file.} Nd4 6. h5 (6. Bc4 {was also possible.} h5 7. Ng5 d5 {From this moment forward, the position becomes very complex for both sides and is filled with tactical possibilities. With precise play, White maintains a slight advantage.}) 6... Nf4 {[#]} 7. Nxd4 (7. Nxe5 Nxg2+ 8. Kf1 Nh4 9. d3 Nxb5 10. Nxb5 d6 11. Nf3 Nxf3 12. Qxf3 Be6 $11 {with a comfortable position for Black.}) 7... exd4 8. Qf3 Bd6 9. Ne2 Nxe2 10. Bxe2 h6 {[#]} 11. d3 (11. Bc4 O-O 12. d3 Bb4+ 13. Kd1 a5 $11 {was also a possible continuation.}) 11... a5 12. a3 $146 {Prevents ...b4+.} (12. Qg4 Bb4+ 13. Kd1 Qf6 {Black does not have any problems.}) 12... a4 $1 {Expanding on the queenside while preserving the option of playing a6.} (12... O-O 13. g4 $14) 13. Qg4 Be5 14. f4 Bf6 {[#]} 15. Qf3 (15. e5 $6 d6 16. Qg3 dxe5 17. fxe5 Bg5 {White's attack is neutralized, and the trade of dark-squared bishops is welcomed. Additionally, the e5-pawn may become a weakness in the long run.}) 15... O-O $6 {This is dangerous and not at all in the spirit of the position. White gains significant attacking chances.} (15... d6 {followed by ...a6-b6 would have maintained equality.}) 16. Bd2 Ra6 $1 {[#] Activates the rook, initiates some counterplay on the queenside and keeps an eye on the kingside!} 17. g4 {Not a mistake, but definitely felt like an inaccuracy due to the loss of tempos.} (17. O-O-O {followed by g4 was more precise.}) 17... Bh4+ 18. Kf1 (18. Kd1 Be7 19. Qg2 $14 {White's attacking chances remain present, while the king is better positioned away from the action, on the queenside.}) 18... Rb6 19. Rb1 Be7 20. Kg2 d5 $11 {[#]} 21. Ba5 $2 (21. e5 $11 {keeps the position closed, which is safer for White's king.}) 21... Rb5 (21... Rc6 22. Rbc1 dxe4 23. dxe4 g5 $1 $17 {This maneuver would have enabled me to open up the position where it is White who is in danger!}) 22. Be1 c5 (22... c6 $17 {was better and offered more stability.}) (22... Bxa3 $4 {fails to} 23. bxa3 Rxb1 24. Bh4 $18) 23. Bd2 f6 {[#] Preventing g5 and stopping White's attack once and for all.} 24. exd5 f5 {Now that the e-pawn is no longer controlling the f5-square this move is now possible. The idea is to open the position on the kingside to activate my bishops and my rook on f8.} 25. gxf5 (25. g5 hxg5 26. fxg5 Bxg5 27. Bxg5 Qxg5+ 28. Kf2 $11) 25... Bxf5 26. b3 {[#]} Qb8 $2 (26... axb3 27. a4 Rb4 $1 28. cxb3 ({editor - that exchange on b4 isn't cheap:} 28. Bxb4 $2 bxc2 $19 29. Rbc1 cxb4 30. Rxc2 Bd6 $19 {Despite being a full exchange up, White would be lost: her  and f4-pawn are weak, and her  is trash and if she tries to trade it with, say} 31. Qg3 {hoping for g4, Black has} Bxf4 $3 $19) 28... Bd6 $15 {Black is slightly better due to the strong bishops, White's broken pawn structure and vulnerable king.}) 27. bxa4 $1 Rxb1 28. Rxb1 Bd6 29. Qg3 (29. a5 $14 {White's queenside activity is very strong and offers a lot of potential.}) 29... Bd7 30. Rf1 Rf5 {[#] Threatening ...g5, winning the queen.} (30... Bxa4 {was best.}) 31. Qh4 ({We both saw this:} 31. Bg4 $1 Rg5 $1 32. fxg5 Bxg3 33. Bxd7 hxg5 34. Bxg5 Qd6 35. Be6+ $16 {We were both low on time, which is why I believe my opponent did not pursue it, despite it appearing very dominating and easy for White to play.}) 31... Rxd5 32. Bf3 Rf5 33. Be4 Rf6 34. a5 Qc7 35. Kh1 Bc6 36. f5 c4 37. Bb4 Bxb4 38. axb4 cxd3 39. cxd3 Qf7 {[#]} 40. Kg1 (40. Bxc6 bxc6 $16) 40... Bxe4 41. Qxe4 ({editor -} 41. dxe4 $5 {is also equal and complex.}) 41... Qxh5 42. Qxb7 Qg5+ 43. Qg2 Qe3+ 44. Kh1 Qxd3 45. Rg1 Rf7 46. f6 {[#]} g5 (46... Qf5 {was a much easier path to a draw.}) 47. Rf1 Qb5 $2 (47... Qc4 {was the only move possible to maintain a 0.00 position according to the engine.}) 48. Qa8+ Rf8 49. Qf3 {[#]} Qxb4 $4 (49... d3 50. Qe4 Kh8 51. Qd4 $1 $16) 50. a6 $4 (50. Qe4 {is completely winning for White.} Kh8 (50... Rf7 51. Qg6+ Kf8 52. Rc1 $18) 51. Qg6 Qb7+ 52. Kg1 {Analysis Diagram [#]} Qh7 53. Qg7+ $3 {the brilliant move I missed.} Qxg7 54. fxg7+ Kxg7 55. Rxf8 Kxf8 56. a6 $18) 50... Qc3 $4 51. Qf5 Rf7 52. Qe6 $4 (52. a7 Qc6+ 53. Kg1 $18) 52... Qd3 $6 (52... Qe3 {was more precise, but I only saw it after the move I played.}) 53. Kg2 Qe3 $11 {[#]Critical Position What happens if e1?} 54. Qd5 (54. Re1 $1 {would have been a great attempt to try to win, as it is very tricky for Black to defend the position, particularly under time pressure.} Qxe6 $8 55. Rxe6 Rf8 $1 ({editor -} 55... Ra7 $4 56. Re8+ Kf7 57. Re7+ $18) 56. Re7 d3 $8 $11 {Without this resource, Black is just completely lost.  Analysis Diagram [#] editor - Here's how it might end, illustrating some of the tricks MJ referred to:} 57. Rg7+ (57. a7 $4 {now loses} d2 $8 $19 58. Rg7+ Kh8 59. Rd7 Ra8 $8 60. f7 Kg7 $8 $19 {everything else loses, but now ...xa7 wins.}) 57... Kh8 58. Rd7 Ra8 $1 59. Rxd3 (59. a7 $4 d2 $8 $19 {trades the a- and d- pawns, but Black will win the f-pawn and the game.}) 59... Kg8 $8 $11 (59... Rxa6 $4 60. Rd8+ Kh7 61. f7 $18) 60. Rd6 h5 $11) 54... Qe2+ 55. Rf2 Qg4+ (55... Qxa6 {was also possible. The position is equal and a draw would have been the most likely outcome. However, this was a team tournament, and after such a chaotic game, I did not want to risk losing. I later learned that a draw was all we needed to narrowly win the match, 4.5 - 3.5.}) 56. Kh2 Qh4+ 57. Kg2 Qg4+ 1/2-1/2

[Event "Stockholm GM RR"]
[Site "?"]
[Date "2025.05.06"]
[Round "8"]
[White "Ouellet, Maili-Jade"]
[Black "Galperin, Platon"]
[Result "1-0"]
[Annotator "Maili-Jade Ouellet"]
[WhiteElo "2305"]
[BlackElo "2494"]
[WhiteFideId "-1"]
[BlackFideId "14165414"]
[PlyCount "91"]
[GameId "2281270692021548"]
[EventDate "2025.??.??"]
[SourceTitle "Chess Canada 25"]
[Source "JohnUpper?CFC"]
[SourceDate "2025.06.29"]
[SourceVersion "1"]
[SourceVersionDate "2026.07.01"]
[SourceQuality "1"]

{This is round 8 of a double GM round-robin in Sweden. I lost the first game with Black; now I get a chance to avenge myself.} 1. d4 Nf6 2. c4 g6 3. Nc3 Bg7 4. e4 d6 5. h3 {[#] A nice line that I often play against the King's Indian. In my opinion, it is very practical and easy to play for an advantage while staying away from mainline theory.} O-O 6. Be3 Na6 7. Bd3 c6 8. Qd2 e5 9. d5 Nc5 10. Bc2 cxd5 11. cxd5 Nfd7 $6 {[#] A more active move like ...d7 or ...a5 to prevent b4 is much better.} 12. b4 Na6 13. a3 Nb6 14. Bd3 f5 {[#] Right in the spirit of the KID.} 15. f3 $5 (15. Bg5 Bf6 16. Bxf6 Qxf6 17. Nf3 $14 {is a much more stable alternative, as it does not weaken my kingside.}) 15... Bd7 (15... Bf6 {heading to h4 would improve Black's DSB.}) 16. Nge2 Rc8 17. O-O f4 18. Bf2 g5 $6 (18... Bf6 19. Nb5 Bxb5 20. Bxb5 Nc7 21. Bd3 Bh4 $14 {White has more space and better piece harmony.}) 19. Nb5 {[#]} Rf6 {If I recall correctly, my opponent offered me a draw here, which I obviously declined. My pieces are active and well-coordinated, I have more space, and my king is safe.} (19... Bxb5 20. Bxb5 h5 21. g4 $1 $16 {Black's attack on the kingside is stopped. I am better for many reasons, including the pawn structure, space advantage, the bishop pair, and piece activity.} hxg4 (21... fxg3 22. Nxg3 $18 {trading h5 for f3 is equal material, but White gets e2-g4 and the black  is doomed - editor.}) 22. hxg4 $16) 20. Nxa7 Ra8 21. Bxa6 $5 (21. Nc6 bxc6 22. dxc6 Bxc6 23. b5 Bxb5 24. Bxb5 $18 {was more precise.}) 21... Rxa7 (21... bxa6 22. Nc6 $18) 22. Bd3 h5 23. Rfc1 g4 $5 {[#] Fully committing to the attack. Although the engine does not agree with this move, it is, in my opinion, a practical option as Black's pieces are very badly misplaced, and so if Black does nothing, I would have an easy game and could afford to take my time to make small improvements and eventually obtain a decisive advantage.} 24. Bh4 Nc8 (24... gxh3 25. Nc3 $18 {White does not have to be afraid, as Black's pieces cannot easily join the attack.} (25. gxh3 $4 Rg6+ $1 $19)) 25. Kh1 {I am in no hurry to capture the rook and help Black activate his pieces. Instead, I removed my king from the g-file, which could be opened at any moment.} Ne7 26. Bxf6 Bxf6 27. Qc2 {[#]} b5 {Covering the c7-square and perhaps helping the Black rook get back into the game.} (27... gxh3 28. gxh3 Bxh3 29. Ng1 Bd7 30. Qc7 $18) 28. Nc3 {As Black just created a new weakness that is easy to attack, I redirected my focus to the b5-pawn. It is important to note that Black cannot make any progress on the kingside without weakening his own king.} Qb8 29. Qe2 Rb7 {[#]} 30. a4 (30. Bxb5 $5 {was possible} Bxb5 31. Nxb5 Rxb5 32. fxg4 $18 {My position is so dominant that I can sacrifice a piece for two pawns and still be completely winning.}) 30... bxa4 31. b5 {I created a passed pawn, took more space, restricted Black's pieces, and am about to take on a4, opening the a-file for my rooks.} Ng6 32. Rxa4 gxh3 33. gxh3 {[#]} Bh4 (33... Bxh3 34. Qa2 $18 {White has a great position and Black has no attack.}) 34. Qa2 Qc7 35. Qg2 Kh7 36. Ne2 {Preventing Black from blocking the g-file with ...g3 and gaining a tempo on the queen.} Qd8 37. Rca1 Qb6 38. Ra8 {Controlling some squares around the king and preventing Black from playing the defensive move ...e8. I am threatening g1 next.} Bf2 {[#]} 39. Nxf4 $3 exf4 (39... Nxf4 40. Qg8+ Kh6 41. Qh8+ Kg5 42. Rg8+ Ng6 43. f4+ {followed by mate eventually; e.g.} exf4 44. Rxg6+ Kxg6 45. e5+ $18) 40. e5 $1 {Opening the diagonal for my bishop.} Bg3 41. e6 Bxb5 42. Bxg6+ Kxg6 43. Qc2+ Kg5 44. Rg8+ Kh4 45. Qf5 Be8 46. Rg4+ $1 {[#] With either xg4 or xf4 mate. Black resigned.} 1-0